"Litauische Lieder"
| Titel: | "Litauische Lieder" : Bobrowskis lyrischer Verzicht auf die Welt seiner Lyrik |
|---|---|
| Verfasser: | |
| In: |
Zeit aus Schweigen, (2009), Seite 171-185 alle Artikel anzeigen |
| Veröffentlicht: | 2009 |
| Format: | Aufsatz |
| Sprache: | Deutsch |
X
alg: 39263739 001A $01999:11-11-16 001B $01999:21-05-21 $t16:53:01.000 001D $01999:11-11-16 001U $0utf8 001X $00 002@ $0Aox 003@ $0392637391 007A $0392637391 $aHEB 007T $0Herdc0069657m 010@ $ager 011@ $a2009 021A $a"Litauische Lieder" $dBobrowskis lyrischer Verzicht auf die Welt seiner Lyrik 028A $7121115577 $8Joachimsthaler, Jürgen$Z1964-2018 [Tp1] $9152564497 031A $h171-185 $j2009 039B $aIn $8--Aau--. Zeit aus Schweigen. - München : Meidenbauer, 2009. - 451 S.. - Ill., graph. Darst., Kt., Notenbeisp.. - ISBN 978-3-89975-119-2 $x200900000000000829 $9219917744 045F $a929.094793 $eDDC23BSB 045F/01 $a929 045F/03 $g4793 045F/03 $g4382 045F/03 $g43832 lok: 39263739 78 exp: 39263739 78 1 #EPN 201B/01 $015-02-18 $t23:07:25.000 201U/01 $0utf8 203@/01 $0788736086 208@/01 $a11-11-16 $be 209A/01 $a/ $f000 $x00 220C/01 $aTitelaufnehmer: pg 220C/01 $aHerkunft: HI Marburg 244Z/01 $2Trx $#Prusy Wschodnie i Zachodnie $8--Trx--Ost- und Westpreußen $x01 $939113373X 244Z/01 $2Trx $#Litauen $#Lithuania $#Litwa $#Litva $#Litva $8--Trx--Lietuva $x02 $9391193457 244Z/01 $aGeschichte 1930-1964 $x03 244Z/01 $#Bobrowsky, Johannes $#Bobrovskis, Johanesas $#Bobrovskij, Iogannes $#Bobrowski, Johannes Konrad Bernhard $#Bobṛuvskī, Johannis $#בוברובסקי, יוהאנס $7118512161 $8--Tp1--Bobrowski, Johannes$Z1917-1965 $x04 $9093003943 244Z/01 $2Trx $#kirjanikud $#rašytojai $#writers $#írók $#pisarze $#spisovatelia $#spisovatelé $8--Trx--Schriftsteller $x05 $9391382659 244Z/01 $2Trx $#suhted, Leedu-Saksa $#santykiai, lietuvių ir vokiečių $#relations, German-Lithuanian $#kapcsolatok, litván-német $#stosunki litewsko-niemieckie $#vzťahy litovsko-nemecké $#vztahy litevsko-německé $8--Trx--Beziehungen, deutsch-litauische $x06 $9391376381 244Z/01 $2Trx $#kirjandus, Leedu $#literatūra, lietuvių $#Literature, Lithuanian $#irodalom, litván $#literatura litewska $#literatúra litovská $#literatura litevská $8--Trx--Literatur, litauische $x07 $9391366661 244Z/01 $2Trx $8--Trx--Einzelbeiträge $x08 $9391384570 245Z/01 $a12.03 $x01 245Z/01 $a11.08 $x02 247C/01 $82080>Marburg/Lahn, Herder-Institut, Forschungsbibliothek, Bibliographieportal $9336309341
| LEADER | 00000caa a22000002c 4500 | ||
|---|---|---|---|
| 001 | 392637391 | ||
| 003 | DE-603 | ||
| 005 | 20210521165301.0 | ||
| 007 | tu | ||
| 008 | 161111s2009 xx |||| | u00||u|ger c | ||
| 035 | |a (DE-599)HEB392637391 | ||
| 040 | |a DE-603 |b ger |c DE-603 |d DE-603 | ||
| 041 | |a ger | ||
| 082 | 0 | 4 | |8 1\u |a 929.094793 |q DE-101 |2 23/BSB |
| 085 | |8 1\u |b 929 | ||
| 085 | |8 1\u |z 2 |s 4793 | ||
| 085 | |8 1\u |z 2 |s 4382 | ||
| 085 | |8 1\u |z 2 |s 43832 | ||
| 100 | 1 | |a Joachimsthaler, Jürgen |d 1964-2018 |0 (DE-603)152564497 |0 (DE-588)121115577 |2 gnd | |
| 245 | 0 | 0 | |a "Litauische Lieder" |b Bobrowskis lyrischer Verzicht auf die Welt seiner Lyrik |
| 264 | 0 | |c 2009 | |
| 773 | 0 | 8 | |i In |t Zeit aus Schweigen |d München : Meidenbauer, 2009 |h 451 S., Ill., graph. Darst., Kt., Notenbeisp. |z 9783899751192 |g (2009), Seite 171-185 |w (DE-603)219917744 |
| 924 | 0 | |9 2080 |a (DE-603)788736086 |b DE-2080 |c HES |d d |g / | |


